Películas referenciadas en Los Simpson #11 - Estadísticas

Estadísticas generales
  • Esta prueba ha sido intentada 17 veces
  • La puntuación promedio es 4 de 31
Estadísticas de respuestas
Imagen Respuesta % Correcto
La noche de las narices frías
93%
El aro
73%
Toro Salvaje
53%
Parásitos
47%
Ojos bien cerrados
33%
1984
27%
Cuenta conmigo
27%
Viaje a la Luna
20%
La mancha voraz
7%
Qué Pasó con Baby Jane?
7%
Un gato sobre el tejado caliente
7%
Viva Zapata!
7%
A Hard Day's Night
0%
Blacula
0%
Criaturas celestiales
0%
Demon Seed
0%
Doctor Zhivago
0%
El mejor (1984)
0%
El orgullo de los Yanquis
0%
El príncipe de las mareas
0%
Fenómenos
0%
Juguetes (1992)
0%
La escafandra y la mariposa
0%
Las brujas de Salem (1996 ) / La letra escarlata (1995)
0%
Las trillizas de Belleville
0%
La tierra contra los platillos voladores
0%
Sabotaje (1942)
0%
Strictly Ballroom
0%
The Reluctant Astronaut
0%
Tom Jones (1963)
0%
Vivir de ilusión
0%
No se encontraron pruebas coincidentes
Distribución de puntuación
Porcentaje de gente con cada puntuación
Porcentaje por número respondido
Historial de tus puntuaciones
No has intentado esta prueba.